Statistiques concernant Les 10 meilleurs buteurs de la coupe du monde 2018

Cliquez ici pour prendre le quiz!

Statistiques générales

  • Ce quiz a été pris 202 fois
  • Le résultat moyen est 5 sur 10

Statistiques - réponses

ButsJoueur% Correct
4Mbappe
99%
4Griezmann
82%
6Kane
79%
4Ronaldo
79%
4Lukaku
62%
3Mandzukic
53%
4Cheryshev
10%
3Mina
7%
3Diego Costa
4%
3Giovanni
0%

Distribution des résultats

Percentile par nombre de réponses

% des personnes avec chaque résultat

Votre développement - résultats

Vous n’avez pas pris ce quiz